Statystyki dla Państwa najbliżej morza

Kliknij tutaj aby rozwiązać quiz!

Ogólne statystyki

  • Ten quiz został rozwiązany 113 razy
  • Średni wynik to 9 z 15

Statystyki odpowiedzi

OdleglośćOdpowiedź% Poprawnych
20 kmWatykan
81%
120 kmAndora
79%
9 kmSan Marino
77%
130 kmMacedonia
66%
150 kmSerbia
66%
225 kmBiałoruś
65%
10 kmMołdawia
65%
95 kmAustria
63%
190 kmLuksemburg
63%
200 kmLesotho
54%
75 kmEswatini
46%
220 kmWęgry
45%
70 kmEtiopia
42%
170 kmArmenia
39%
80 kmLaos
37%

Rozkład punktacji

Percentyl według liczby udzielonych odpowiedzi

Procent ludzi z każdym wynikiem

Twoja historia wyników

Nie rozwiązałeś tego quizu